[Event "Aarhus CC 100 ann op"]
[Site "Aarhus"]
[Date "2003.08.29"]
[Round "1"]
[White "Pedersen, Steffen"]
[Black "Hansen, Bjarne"]
[Result "1-0"]
[WhiteElo "2416"]
[BlackElo "2230"]
[PlyCount "71"]
[EventDate "2003.08.??"]
[EventType "swiss"]
[EventRounds "7"]
[EventCountry "DEN"]
[SourceTitle "EXT 2006"]
[Source "ChessBase"]
[SourceDate "2005.11.24"]

1. d4 Nf6 2. Nf3 d6 3. c4 Nbd7 4. Nc3 e5 5. e4 Be7 6. Be2 O-O 7. O-O c6 8. Be3
a6 9. d5 cxd5 10. cxd5 b5 11. Nd2 Nb6 12. a4 b4 13. a5 Nbd7 14. Na4 Rb8 15. Bd3
Ne8 16. f3 Bg5 17. Ba7 Rb7 18. Bf2 Nc7 19. Nb3 Nb5 20. Kh1 g6 21. Qc2 Rc7 22.
Qe2 f5 23. exf5 gxf5 24. Nb6 Nxb6 25. axb6 Rg7 26. Bxb5 axb5 27. Ra8 Qe8 28.
Na5 Qh5 29. Be3 Bxe3 30. Qxe3 Qg6 31. Qf2 f4 32. Rc1 Bb7 33. Rxf8+ Kxf8 34.
Nxb7 Rxb7 35. h3 Qg3 36. Qc2 1-0

[Event "Aarhus CC 100 ann op"]
[Site "Aarhus"]
[Date "2003.08.31"]
[Round "3"]
[White "Petersen, Tom Petri"]
[Black "Jensen, Jacob Bjerre"]
[Result "0-1"]
[WhiteElo "2194"]
[BlackElo "2194"]
[PlyCount "124"]
[EventDate "2003.08.??"]
[EventType "swiss"]
[EventRounds "7"]
[EventCountry "DEN"]
[SourceTitle "EXT 2006"]
[Source "ChessBase"]
[SourceDate "2005.11.24"]

1. e4 e6 2. d3 d5 3. Nd2 Nf6 4. g3 dxe4 5. dxe4 e5 6. Ngf3 Bc5 7. h3 O-O 8. Bc4
Nc6 9. Qe2 Qd6 10. Nb3 Bb6 11. Bg5 Be6 12. c3 Rad8 13. Nfd2 Rd7 14. O-O-O Rfd8
15. Qf3 Qe7 16. Bxf6 Qxf6 17. Qxf6 gxf6 18. Bxe6 fxe6 19. Rhf1 a6 20. Kc2 Ba7
21. f3 b5 22. Nb1 Kf7 23. Rxd7+ Rxd7 24. Rd1 Rxd1 25. Kxd1 Bf2 26. g4 Ne7 27.
Ke2 Bb6 28. Nc1 Ng6 29. Kf1 Nf4 30. h4 Ng6 31. h5 Nh4 32. Ke2 Ng2 33. Nd3 Nf4+
34. Nxf4 exf4 35. Nd2 Ke7 36. Kd3 Kd6 37. b3 Be3 38. Nf1 Bf2 39. Ke2 Bb6 40.
Nd2 Be3 41. Nb1 Ke5 42. Na3 Bc5 43. Nc2 a5 44. a4 bxa4 45. bxa4 f5 46. exf5
exf5 47. Ne1 Kf6 48. Nd3 Be3 49. Nb2 Kg5 50. Nc4 fxg4 51. fxg4 Kxg4 52. Nxa5
Kxh5 53. Nc6 Kg4 54. a5 Kg3 55. Ne5 h5 56. Nf3 Bc5 57. Nd2 Kg2 58. Nf3 Bf2 59.
a6 Bb6 60. Ng5 h4 61. c4 h3 62. Nxh3 f3+ 0-1

[Event "Aarhus CC 100 ann op"]
[Site "Aarhus"]
[Date "2003.09.05"]
[Round "5"]
[White "Petersen, Tom Petri"]
[Black "Rossen, Claus"]
[Result "0-1"]
[WhiteElo "2194"]
[BlackElo "2202"]
[PlyCount "108"]
[EventDate "2003.08.??"]
[EventType "swiss"]
[EventRounds "7"]
[EventCountry "DEN"]
[SourceTitle "EXT 2006"]
[Source "ChessBase"]
[SourceDate "2005.11.24"]

1. e4 e5 2. Nf3 Nf6 3. Nxe5 d6 4. Nxf7 Kxf7 5. d4 g6 6. Nc3 Bg7 7. Bc4+ Be6 8.
Bxe6+ Kxe6 9. Qf3 c6 10. Be3 Re8 11. g4 Qa5 12. O-O-O Kd7 13. e5 Nd5 14. Qf7+
Re7 15. e6+ Kc8 16. Qg8+ Qd8 17. Nxd5 cxd5 18. Qxd8+ Kxd8 19. Bg5 Nc6 20. f4
Nxd4 21. f5 Nf3 22. Bxe7+ Kxe7 23. Rxd5 Ne5 24. h3 gxf5 25. gxf5 Rf8 26. Rb5 b6
27. Rf1 Nc4 28. Rf3 Bh6+ 29. Kd1 Ne3+ 30. Ke2 Nxc2 31. Rd3 Bg7 32. Rbd5 Be5 33.
Rd2 Nb4 34. Rxe5 dxe5 35. Rd7+ Ke8 36. Ke3 Rxf5 37. Ke4 Rh5 38. Rc7 Na6 39.
Rxa7 Nc5+ 40. Kd5 e4+ 41. Kd6 Nxe6 42. Kxe6 Rh6+ 43. Kf5 e3 44. Ra3 Rxh3 45.
Kf4 Rh4+ 46. Kf3 Rh5 47. Kf4 Kd7 48. Rd3+ Kc6 49. Rd1 Kc5 50. Re1 Kd4 51. Rd1+
Kc4 52. Kg4 Rh2 53. b3+ Kc3 54. Kf3 e2 0-1

[Event "Aarhus CC 100 ann op"]
[Site "Aarhus"]
[Date "2003.08.29"]
[Round "1"]
[White "Petersen, Tom Petri"]
[Black "Hagesaether, Torill"]
[Result "1-0"]
[WhiteElo "2194"]
[BlackElo "2051"]
[PlyCount "35"]
[EventDate "2003.08.??"]
[EventType "swiss"]
[EventRounds "7"]
[EventCountry "DEN"]
[SourceTitle "EXT 2006"]
[Source "ChessBase"]
[SourceDate "2005.11.24"]

1. e4 d5 2. exd5 Qxd5 3. Nc3 Qa5 4. d4 Nf6 5. Nf3 Bg4 6. h3 Bh5 7. Bd2 c6 8.
Bc4 Nbd7 9. Qe2 Qc7 10. O-O-O O-O-O 11. g4 Bg6 12. Ne5 e6 13. h4 Nxe5 14. dxe5
Nxg4 15. Qxg4 Qxe5 16. Bf4 Rxd1+ 17. Rxd1 Qc5 18. Qxe6+ 1-0

[Event "Aarhus CC 100 ann op"]
[Site "Aarhus"]
[Date "2003.08.30"]
[Round "2"]
[White "Poulsen, Iver"]
[Black "Matthiesen, Martin"]
[Result "1-0"]
[WhiteElo "2084"]
[BlackElo "2260"]
[PlyCount "81"]
[EventDate "2003.08.??"]
[EventType "swiss"]
[EventRounds "7"]
[EventCountry "DEN"]
[SourceTitle "EXT 2006"]
[Source "ChessBase"]
[SourceDate "2005.11.24"]

1. e4 c5 2. Nf3 Nc6 3. d4 cxd4 4. Nxd4 Nf6 5. Nc3 e5 6. Ndb5 d6 7. Bg5 a6 8.
Na3 b5 9. Bxf6 gxf6 10. Nd5 f5 11. c3 Bg7 12. exf5 Bxf5 13. Nc2 O-O 14. Nce3
Be6 15. Bd3 f5 16. O-O Ra7 17. a4 bxa4 18. Rxa4 e4 19. Nf4 Bc8 20. Bc4+ Kh8 21.
Ne6 Bxe6 22. Bxe6 Ne7 23. Qh5 f4 24. Nf5 e3 25. Nxg7 Kxg7 26. Rxf4 Rxf4 27.
Qg5+ Kh8 28. Qxf4 exf2+ 29. Rxf2 Nc6 30. Bd5 Ne5 31. Qf8+ Qxf8 32. Rxf8+ Kg7
33. Rd8 Nd3 34. b3 Re7 35. h3 h5 36. Rxd6 Re1+ 37. Kh2 h4 38. Rd7+ Kf6 39. Rf7+
Ke5 40. Bc4 Rd1 41. Rd7 1-0

[Event "Aarhus CC 100 ann op"]
[Site "Aarhus"]
[Date "2003.09.06"]
[Round "6"]
[White "Poulsen, Iver"]
[Black "Andersen, Jackie"]
[Result "1/2-1/2"]
[WhiteElo "2084"]
[BlackElo "2275"]
[PlyCount "94"]
[EventDate "2003.08.??"]
[EventType "swiss"]
[EventRounds "7"]
[EventCountry "DEN"]
[SourceTitle "EXT 2006"]
[Source "ChessBase"]
[SourceDate "2005.11.24"]

1. e4 g6 2. d4 Nf6 3. e5 Nh5 4. Be2 d6 5. Bxh5 gxh5 6. Qxh5 dxe5 7. Qxe5 Rg8 8.
Qe4 Rg4 9. f4 f5 10. Qe2 Qxd4 11. Nc3 Qg7 12. g3 Bd7 13. Nf3 Nc6 14. Be3 O-O-O
15. O-O-O Qg8 16. Nd4 Rg6 17. Nb3 Bg7 18. Nb5 a6 19. N5d4 Rd6 20. Nxc6 Bxc6 21.
Bc5 Bxh1 22. Bxd6 Rxd6 23. Rxh1 Qd5 24. Re1 Bf6 25. c3 a5 26. Rd1 Qxd1+ 27.
Qxd1 Rxd1+ 28. Kxd1 a4 29. Nd2 a3 30. Kc2 axb2 31. Kxb2 Kd7 32. Nf3 Kd6 33. Kc2
Kd5 34. Kd3 b5 35. Nd2 c6 36. Nf3 h6 37. Nd2 h5 38. c4+ Kc5 39. Nb3+ Kb4 40.
cxb5 cxb5 41. Nd4 Bxd4 42. Kxd4 Ka3 43. Kc5 Ka4 44. a3 Ka5 45. Kc6 Ka6 46. Kc5
Ka5 47. Kc6 Ka6 1/2-1/2

[Event "Aarhus CC 100 ann op"]
[Site "Aarhus"]
[Date "2003.09.04"]
[Round "4"]
[White "Poulsen, Iver"]
[Black "Hermansson, Emil"]
[Result "0-1"]
[WhiteElo "2084"]
[BlackElo "2386"]
[PlyCount "114"]
[EventDate "2003.08.??"]
[EventType "swiss"]
[EventRounds "7"]
[EventCountry "DEN"]
[SourceTitle "EXT 2006"]
[Source "ChessBase"]
[SourceDate "2005.11.24"]

1. e4 c5 2. Nf3 e6 3. d4 cxd4 4. Nxd4 Nc6 5. Nb5 d6 6. Bf4 e5 7. Be3 Nf6 8. Bg5
a6 9. N5c3 Be7 10. Bxf6 Bxf6 11. Nd5 O-O 12. Nd2 Bg5 13. Nc4 Be6 14. Nce3 Rc8
15. Bd3 Ne7 16. Nxe7+ Qxe7 17. Qe2 Bxe3 18. Qxe3 d5 19. O-O d4 20. Qd2 Rc5 21.
b3 Bd7 22. f4 exf4 23. Rxf4 Re5 24. Raf1 Be6 25. Qf2 Rd8 26. a4 f6 27. Re1 Kh8
28. Re2 h6 29. h3 Rd7 30. Kh1 Qc5 31. Kh2 Re7 32. g4 Kg8 33. Kg3 Kf7 34. Kg2
Ke8 35. Qe1 h5 36. Kg3 Qd6 37. Kg2 Rg5 38. Qg3 hxg4 39. hxg4 Qxf4 40. Qxf4
Rxg4+ 41. Kf3 Rxf4+ 42. Kxf4 g5+ 43. Kg3 Kd7 44. Rf2 Rf7 45. Bc4 Bxc4 46. bxc4
Ke6 47. Rf5 Rc7 48. c5 Rd7 49. Rf3 Ke5 50. Rf5+ Kxe4 51. Rxf6 Rc7 52. Re6+ Kd5
53. Rg6 Rxc5 54. Rxg5+ Kc4 55. Rg7 Kc3 56. Rd7 Rc4 57. a5 Kxc2 0-1

[Event "Aarhus CC 100 ann op"]
[Site "Aarhus"]
[Date "2003.09.07"]
[Round "7"]
[White "Rasmussen, Karsten"]
[Black "Jensen, Jacob Bjerre"]
[Result "1-0"]
[WhiteElo "2437"]
[BlackElo "2194"]
[PlyCount "113"]
[EventDate "2003.08.??"]
[EventType "swiss"]
[EventRounds "7"]
[EventCountry "DEN"]
[SourceTitle "EXT 2006"]
[Source "ChessBase"]
[SourceDate "2005.11.24"]

1. Nf3 g6 2. e4 Bg7 3. d4 c6 4. Bd3 d5 5. e5 Bg4 6. Nbd2 Nh6 7. h3 Bf5 8. Nb3
Bxd3 9. Qxd3 a5 10. Bf4 a4 11. Nc5 Qa5+ 12. Bd2 Qc7 13. e6 f6 14. Qe2 Nf5 15.
h4 Qb6 16. Qd3 h5 17. O-O Qa7 18. Qc3 Nd6 19. b3 Na6 20. Nxa4 Nc7 21. Qd3 Ne4
22. Be3 Nxe6 23. c4 O-O 24. cxd5 cxd5 25. Qb5 Qa5 26. Qxb7 f5 27. Ne5 f4 28.
Qd7 Rf6 29. Nc6 Nf8 30. Nxe7+ Kh7 31. Qxd5 fxe3 32. fxe3 Qxd5 33. Nxd5 Rd6 34.
Ndb6 Re8 35. Nc4 Rdd8 36. Rae1 Bf6 37. g3 Kg7 38. Kg2 Nd6 39. Nab6 Nf5 40. a4
Nd7 41. Nd5 Rb8 42. b4 Rbc8 43. Rc1 Re4 44. Nd2 Rxc1 45. Nxe4 Rc6 46. Kf3 Re6
47. Rc1 Bd8 48. b5 Ba5 49. Rc6 Rxc6 50. bxc6 Nb6 51. c7 Nc8 52. Nc5 Be1 53. Nb3
Bxg3 54. e4 Nxd4+ 55. Nxd4 Bxh4 56. a5 Kf7 57. Nb6 1-0

[Event "Aarhus CC 100 ann op"]
[Site "Aarhus"]
[Date "2003.08.29"]
[Round "1"]
[White "Rasmussen, Karsten"]
[Black "Jacobsen, Bo"]
[Result "1-0"]
[WhiteElo "2437"]
[BlackElo "2234"]
[PlyCount "42"]
[EventDate "2003.08.??"]
[EventType "swiss"]
[EventRounds "7"]
[EventCountry "DEN"]
[SourceTitle "EXT 2006"]
[Source "ChessBase"]
[SourceDate "2005.11.24"]

1. d4 d6 2. Nf3 Nc6 3. e4 Nf6 4. d5 Nb8 5. Nc3 g6 6. Bf4 Bg7 7. Qd2 c6 8. O-O-O
Qa5 9. Kb1 Bg4 10. Be2 cxd5 11. exd5 Bxf3 12. Bxf3 Nfd7 13. Rhe1 Ne5 14. Be2 h6
15. Be3 g5 16. Bd4 Nbd7 17. g3 Bf6 18. f4 Ng6 19. Bh5 gxf4 20. gxf4 Nh4 21. Qe2
Nf5 1-0

[Event "Aarhus CC 100 ann op"]
[Site "Aarhus"]
[Date "2003.08.31"]
[Round "3"]
[White "Rasmussen, Karsten"]
[Black "Skytte, Rasmus"]
[Result "1-0"]
[WhiteElo "2437"]
[BlackElo "2404"]
[PlyCount "71"]
[EventDate "2003.08.??"]
[EventType "swiss"]
[EventRounds "7"]
[EventCountry "DEN"]
[SourceTitle "EXT 2006"]
[Source "ChessBase"]
[SourceDate "2005.11.24"]

1. Nf3 d6 2. e4 Nf6 3. Nc3 c5 4. d4 cxd4 5. Nxd4 g6 6. g3 Bg7 7. Bg2 O-O 8. O-O
Bd7 9. h3 Nc6 10. Nde2 Rb8 11. a4 a6 12. Nd5 Nxd5 13. exd5 Na5 14. Ra2 e6 15.
dxe6 Bxe6 16. b3 Re8 17. Nd4 Bd7 18. Be3 Nc6 19. c4 Nxd4 20. Bxd4 Be6 21. Bxg7
Kxg7 22. Rd2 Qc8 23. h4 b5 24. cxb5 axb5 25. Rxd6 bxa4 26. Qd4+ Kg8 27. bxa4
Qc7 28. Rd1 Qa5 29. Bc6 Rec8 30. Qf6 Bb3 31. R1d4 Qc5 32. Kh2 h5 33. Be4 Bc2
34. Rd7 Rf8 35. Bd5 Rb6 36. Bxf7+ 1-0

[Event "Aarhus CC 100 ann op"]
[Site "Aarhus"]
[Date "2003.09.05"]
[Round "5"]
[White "Rasmussen, Karsten"]
[Black "Matthiesen, Arne"]
[Result "1-0"]
[WhiteElo "2437"]
[BlackElo "2282"]
[PlyCount "61"]
[EventDate "2003.08.??"]
[EventType "swiss"]
[EventRounds "7"]
[EventCountry "DEN"]
[SourceTitle "EXT 2006"]
[Source "ChessBase"]
[SourceDate "2005.11.24"]

1. c4 e6 2. Nc3 d5 3. d4 Nf6 4. Nf3 c5 5. e3 dxc4 6. Bxc4 a6 7. Bb3 b5 8. e4
cxd4 9. Nxd4 Nbd7 10. O-O Bb7 11. Bxe6 fxe6 12. Nxe6 Qb6 13. Nd5 Nxd5 14. exd5
Kf7 15. Bf4 Rc8 16. Re1 Nf6 17. d6 Qc6 18. Ng5+ Kg8 19. Qb3+ Qd5 20. Qh3 h6 21.
Ne6 Re8 22. Rad1 Qxa2 23. Nxf8 Rxf8 24. d7 Kf7 25. Bc7 Bd5 26. Qe3 Nxd7 27.
Qe7+ Kg6 28. Qxd7 Bf7 29. Qd3+ Kh5 30. Qf5+ g5 31. Rd3 1-0

[Event "Aarhus CC 100 ann op"]
[Site "Aarhus"]
[Date "2003.08.31"]
[Round "3"]
[White "Rendboe, John Filip"]
[Black "Hagesaether, Torill"]
[Result "1-0"]
[WhiteElo "2239"]
[BlackElo "2051"]
[PlyCount "35"]
[EventDate "2003.08.??"]
[EventType "swiss"]
[EventRounds "7"]
[EventCountry "DEN"]
[SourceTitle "EXT 2006"]
[Source "ChessBase"]
[SourceDate "2005.11.24"]

1. c4 e5 2. Nc3 Nf6 3. g3 Bc5 4. Bg2 O-O 5. Nf3 Re8 6. O-O c6 7. Nxe5 Bxf2+ 8.
Rxf2 Rxe5 9. d4 Rh5 10. e4 d6 11. Rxf6 Qxf6 12. Qxh5 Qxd4+ 13. Kh1 Be6 14. Qd1
Qxc4 15. Qxd6 Nd7 16. Be3 Bg4 17. h3 Be6 18. Bf1 1-0

[Event "Aarhus CC 100 ann op"]
[Site "Aarhus"]
[Date "2003.09.07"]
[Round "7"]
[White "Rendboe, John Filip"]
[Black "Nielsen, Anders Bodholt"]
[Result "1-0"]
[WhiteElo "2239"]
[BlackElo "2186"]
[PlyCount "37"]
[EventDate "2003.08.??"]
[EventType "swiss"]
[EventRounds "7"]
[EventCountry "DEN"]
[SourceTitle "EXT 2006"]
[Source "ChessBase"]
[SourceDate "2005.11.24"]

1. d4 d5 2. c4 e6 3. Nc3 Nf6 4. Bg5 Be7 5. cxd5 exd5 6. Qc2 O-O 7. e3 Nbd7 8.
Bd3 Re8 9. Nge2 Nf8 10. O-O c6 11. Ng3 Be6 12. h3 h6 13. Bf4 Bd6 14. Be5 Bc8
15. f4 b6 16. e4 Be7 17. exd5 cxd5 18. Nb5 Bd7 19. Nc7 1-0

[Event "Aarhus CC 100 ann op"]
[Site "Aarhus"]
[Date "2003.09.05"]
[Round "5"]
[White "Rendboe, John Filip"]
[Black "Poulsen, Iver"]
[Result "1-0"]
[WhiteElo "2239"]
[BlackElo "2084"]
[PlyCount "73"]
[EventDate "2003.08.??"]
[EventType "swiss"]
[EventRounds "7"]
[EventCountry "DEN"]
[SourceTitle "EXT 2006"]
[Source "ChessBase"]
[SourceDate "2005.11.24"]

1. d4 d5 2. c4 e6 3. Nc3 c6 4. cxd5 exd5 5. Nf3 Bf5 6. Bf4 Qb6 7. Qd2 Nf6 8. a3
Be7 9. e3 Nbd7 10. h3 Ne4 11. Nxe4 dxe4 12. Ne5 Nxe5 13. Bxe5 f6 14. Bf4 Be6
15. Be2 O-O 16. O-O Rfd8 17. Qc2 Bd5 18. b4 a5 19. bxa5 Qxa5 20. a4 Rac8 21.
Bg4 Ra8 22. Bf5 b5 23. Bxe4 bxa4 24. Bxh7+ Kh8 25. Bd3 Bb3 26. Qxc6 Bb4 27. Bc7
Qg5 28. Bxd8 Rxd8 29. Qe4 Kg8 30. f4 Qa5 31. Rfc1 Bc3 32. Qh7+ Kf8 33. Rab1 Bd2
34. Rc5 Bxe3+ 35. Kh1 Qd2 36. Qh8+ Bg8 37. Rc7 1-0

[Event "Aarhus CC 100 ann op"]
[Site "Aarhus"]
[Date "2003.09.06"]
[Round "6"]
[White "Rossen, Claus"]
[Black "Lindfeldt, Jan Magnus"]
[Result "0-1"]
[WhiteElo "2202"]
[BlackElo "2252"]
[PlyCount "56"]
[EventDate "2003.08.??"]
[EventType "swiss"]
[EventRounds "7"]
[EventCountry "DEN"]
[SourceTitle "EXT 2006"]
[Source "ChessBase"]
[SourceDate "2005.11.24"]

1. d4 Nf6 2. c4 g6 3. Nc3 Bg7 4. g3 O-O 5. Bg2 d6 6. Nf3 Nbd7 7. O-O e5 8. dxe5
dxe5 9. Qc2 c6 10. Rd1 Qc7 11. Rb1 Nc5 12. Nd2 Rd8 13. b4 Ne6 14. e3 a5 15. a3
h5 16. c5 axb4 17. axb4 Ng5 18. Nce4 Nfxe4 19. Nxe4 Rxd1+ 20. Qxd1 Bf5 21. Qc2
Qd7 22. h4 Nxe4 23. Bxe4 Bxe4 24. Qxe4 Ra2 25. Qc4 Qd1+ 26. Kg2 Rc2 27. Qf1
Qd5+ 28. Kg1 Qa2 0-1

[Event "Aarhus CC 100 ann op"]
[Site "Aarhus"]
[Date "2003.08.30"]
[Round "2"]
[White "Rossen, Claus"]
[Black "Lauridsen, Jesper Morch"]
[Result "1/2-1/2"]
[WhiteElo "2202"]
[BlackElo "2266"]
[PlyCount "32"]
[EventDate "2003.08.??"]
[EventType "swiss"]
[EventRounds "7"]
[EventCountry "DEN"]
[SourceTitle "EXT 2006"]
[Source "ChessBase"]
[SourceDate "2005.11.24"]

1. d4 d5 2. Nf3 e6 3. c4 Nf6 4. g3 c5 5. cxd5 exd5 6. Bg2 Nc6 7. O-O Be7 8. Nc3
O-O 9. Bg5 cxd4 10. Nxd4 h6 11. Bf4 Bg4 12. Rc1 Qd7 13. Re1 Bh3 14. Bf3 Bg4 15.
Bg2 Bh3 16. Bf3 Bg4 1/2-1/2

[Event "Aarhus CC 100 ann op"]
[Site "Aarhus"]
[Date "2003.09.04"]
[Round "4"]
[White "Rossen, Claus"]
[Black "Stovring, Claus"]
[Result "1/2-1/2"]
[WhiteElo "2202"]
[BlackElo "2068"]
[PlyCount "109"]
[EventDate "2003.08.??"]
[EventType "swiss"]
[EventRounds "7"]
[EventCountry "DEN"]
[SourceTitle "EXT 2006"]
[Source "ChessBase"]
[SourceDate "2005.11.24"]

1. d4 Nf6 2. c4 g6 3. Nc3 Bg7 4. Nf3 O-O 5. g3 c5 6. Bg2 cxd4 7. Nxd4 Nc6 8.
Nc2 d6 9. O-O Rb8 10. e4 Ne5 11. Ne3 Nfg4 12. Qe2 Nxe3 13. Bxe3 Bg4 14. f3 Be6
15. Nd5 Nc6 16. Rfd1 b6 17. Rac1 Qd7 18. b4 Bxd5 19. cxd5 Ne5 20. f4 Ng4 21.
Bh3 h5 22. Rc6 Rfc8 23. Rdc1 Rxc6 24. Rxc6 a5 25. b5 f5 26. Bxg4 hxg4 27. Qc4
Qd8 28. a4 Kh7 29. Qd3 Qf8 30. Bxb6 fxe4 31. Qxe4 Qf6 32. Be3 Qb2 33. f5 Qe2
34. Rc2 Qe1+ 35. Kg2 Rf8 36. Rf2 Kh8 37. Qd3 Rxf5 38. Rxf5 gxf5 39. Bd4 Bxd4
40. Qxd4+ Kg8 41. Qd3 Qe5 42. h4 Qb2+ 43. Kg1 Qa1+ 44. Qf1 Qd4+ 45. Kh2 Qxd5
46. Qg2 Qd4 47. Qc2 Qd5 48. b6 Qf3 49. Qb2 f4 50. Qg2 Qb3 51. gxf4 Qxb6 52.
Qxg4+ Kh7 53. Qe2 Qb7 54. Qe6 Qb2+ 55. Kg3 1/2-1/2

[Event "Aarhus CC 100 ann op"]
[Site "Aarhus"]
[Date "2003.09.06"]
[Round "6"]
[White "Skytte, Rasmus"]
[Black "Hermansson, Emil"]
[Result "1/2-1/2"]
[WhiteElo "2404"]
[BlackElo "2386"]
[PlyCount "71"]
[EventDate "2003.08.??"]
[EventType "swiss"]
[EventRounds "7"]
[EventCountry "DEN"]
[SourceTitle "EXT 2006"]
[Source "ChessBase"]
[SourceDate "2005.11.24"]

1. e4 c5 2. c3 d5 3. exd5 Qxd5 4. d4 Nf6 5. Nf3 Bg4 6. dxc5 Qxc5 7. Na3 a6 8.
h3 Bh5 9. Qa4+ Nbd7 10. Be3 Qc7 11. Bf4 Qc8 12. Ne5 e6 13. g4 Bg6 14. Nxd7 Nxd7
15. Bg2 Bc5 16. Rd1 Ra7 17. c4 b5 18. cxb5 axb5 19. Qxb5 Bxa3 20. O-O Qc5 21.
Qe2 Qc2 22. Qxc2 Bxc2 23. Rc1 Bd3 24. Rfd1 O-O 25. bxa3 Bb5 26. Bd6 Re8 27. Rd4
Nf6 28. Rb1 Bd7 29. Bb4 Rc8 30. Rbd1 h6 31. R4d2 Rac7 32. Bd6 Rc2 33. Be5 Nd5
34. Bxd5 exd5 35. Rxd5 Be6 36. R5d2 1/2-1/2

[Event "Aarhus CC 100 ann op"]
[Site "Aarhus"]
[Date "2003.09.04"]
[Round "4"]
[White "Skytte, Rasmus"]
[Black "Lindfeldt, Jan Magnus"]
[Result "1/2-1/2"]
[WhiteElo "2404"]
[BlackElo "2252"]
[PlyCount "25"]
[EventDate "2003.08.??"]
[EventType "swiss"]
[EventRounds "7"]
[EventCountry "DEN"]
[SourceTitle "EXT 2006"]
[Source "ChessBase"]
[SourceDate "2005.11.24"]

1. d4 g6 2. e4 Bg7 3. Nf3 c6 4. h3 d6 5. Bd3 Nf6 6. O-O O-O 7. Re1 Nbd7 8. c3
e5 9. Na3 b5 10. Nc2 a6 11. a4 Bb7 12. dxe5 dxe5 13. Be3 1/2-1/2

[Event "Aarhus CC 100 ann op"]
[Site "Aarhus"]
[Date "2003.08.30"]
[Round "2"]
[White "Skytte, Rasmus"]
[Black "Petersen, Tom Petri"]
[Result "1-0"]
[WhiteElo "2404"]
[BlackElo "2194"]
[PlyCount "67"]
[EventDate "2003.08.??"]
[EventType "swiss"]
[EventRounds "7"]
[EventCountry "DEN"]
[SourceTitle "EXT 2006"]
[Source "ChessBase"]
[SourceDate "2005.11.24"]

1. e4 g6 2. d4 Bg7 3. Nc3 Nc6 4. d5 Nb8 5. Nf3 d6 6. Be3 c6 7. Qd2 Nf6 8. Bh6
O-O 9. O-O-O cxd5 10. exd5 Bg4 11. h4 Nbd7 12. h5 Nxh5 13. Bxg7 Kxg7 14. Be2
Rh8 15. Nd4 Bxe2 16. Ncxe2 Nhf6 17. Qg5 Ne4 18. Qh4 e5 19. Qxe4 exd4 20. Qf4
Qf6 21. Qh6+ Kg8 22. Nxd4 a6 23. Kb1 Ne5 24. f3 Qg7 25. Qh4 Qf8 26. Rhe1 Qd8
27. Qh6 Qf8 28. Qf4 h6 29. Qg3 Kh7 30. f4 Nd7 31. Qh4 Qd8 32. Re7 Kg8 33. Rde1
Ne5 34. Qf6 1-0

[Event "Aarhus CC 100 ann op"]
[Site "Aarhus"]
[Date "2003.09.06"]
[Round "6"]
[White "Stovring, Claus"]
[Black "Hansen, Bjarne"]
[Result "0-1"]
[WhiteElo "2068"]
[BlackElo "2230"]
[PlyCount "74"]
[EventDate "2003.08.??"]
[EventType "swiss"]
[EventRounds "7"]
[EventCountry "DEN"]
[SourceTitle "EXT 2006"]
[Source "ChessBase"]
[SourceDate "2005.11.24"]

1. e4 Nf6 2. Nc3 d5 3. e5 d4 4. exf6 dxc3 5. fxg7 cxd2+ 6. Qxd2 Qxd2+ 7. Bxd2
Bxg7 8. O-O-O O-O 9. Bd3 Nd7 10. Nf3 Nc5 11. Bc4 Ne4 12. Be3 Nd6 13. Bd3 Bg4
14. h3 Bxf3 15. gxf3 Bf6 16. Rhg1+ Kh8 17. Bg5 Bxg5+ 18. Rxg5 Rg8 19. f4 Rg7
20. Re1 e6 21. Reg1 Rag8 22. R1g4 b6 23. Rh4 c5 24. Rgh5 f5 25. Rh6 Re8 26. f3
Ree7 27. Rf6 Rg1+ 28. Kd2 Kg7 29. Rfh6 Kg8 30. R4h5 Rg6 31. Rg5 Kg7 32. Rh4 c4
33. Be2 h6 34. Rgh5 b5 35. Bf1 Nf7 36. b3 Rd7+ 37. Kc3 Rg1 0-1

[Event "Aarhus CC 100 ann op"]
[Site "Aarhus"]
[Date "2003.08.29"]
[Round "1"]
[White "Stovring, Claus"]
[Black "Andersen, Jackie"]
[Result "1/2-1/2"]
[WhiteElo "2068"]
[BlackElo "2275"]
[PlyCount "31"]
[EventDate "2003.08.??"]
[EventType "swiss"]
[EventRounds "7"]
[EventCountry "DEN"]
[SourceTitle "EXT 2006"]
[Source "ChessBase"]
[SourceDate "2005.11.24"]

1. e4 g6 2. d4 Nf6 3. Nc3 d5 4. e5 Ne4 5. Nxe4 dxe4 6. Bc4 Bg7 7. Bf4 O-O 8. c3
c5 9. Ne2 Nc6 10. Qd2 Bg4 11. Rd1 Na5 12. Bb3 cxd4 13. h3 Nxb3 14. axb3 Be6 15.
Nxd4 Qb6 16. O-O 1/2-1/2